00362nam a22001217a 450000500170000002000230001703500330004003700130007310000170008624500760010326000420017930000190022120180821122058.0 a8170003814c375.00 aB-220000, B-219999, B-220005 aDPLbENG aSinha, S. C. aLibrary buildings and furniture : Design and planning /cby S. C. Sinha aNew DelhibEss Ess Publicationsc2004 a162p.c20 cms.